|
|
|
|
| LEADER |
00000nam a2200000 i 4500 |
| 001 |
DIGDYK2531 |
| 003 |
NyNyDIG |
| 007 |
cr ||||||||||| |
| 008 |
230411s2022 sp ob 000 0 spa d |
| 006 |
m o d |
| 035 |
|
|
|a (OCoLC)1312168447
|
| 040 |
|
|
|a DGITA
|b eng
|e rda
|e pn
|c DGITA
|
| 020 |
|
|
|a 9788411220675
|q eBook
|
| 020 |
|
|
|z 9788413779317
|
| 043 |
|
|
|a e-sp---
|a n-us---
|a nwpr---
|
| 050 |
1 |
4 |
|a K1575 ebook
|
| 100 |
1 |
|
|a Echegaray Daleccio, Fernando Juan,
|e author.
|
| 245 |
1 |
0 |
|a Competencia desleal por actos de engaño e imitación :
|b estudio comparado España, Estados Unidos y Puerto Rico /
|c Fernando Juan Echegaray Daleccio ; prólogo por Eduardo Valpuesta Gastaminza.
|
| 264 |
|
1 |
|a Madrid :
|b Dykinson, S.L.,
|c 2022.
|
| 300 |
|
|
|a 1 online resource.
|
| 336 |
|
|
|a text
|b txt
|2 rdacontent
|
| 337 |
|
|
|a computer
|b c
|2 rdamedia
|
| 338 |
|
|
|a online resource
|b cr
|2 rdacarrier
|
| 347 |
|
|
|a text file
|2 rdaft
|
| 347 |
|
|
|b PDF
|
| 490 |
1 |
|
|a Colección Instituto de Derecho Comparado
|
| 500 |
|
|
|a "Universidad Interamericana de Puerto Rico ; Universitas Complutensis Matritensis, Instituto de Derecho Comparado."--Cover.
|
| 504 |
|
|
|a Includes bibliographical references.
|
| 588 |
0 |
|
|a Online resource; title from PDF title page (Digitalia, viewed April 11, 2023)
|
| 650 |
|
0 |
|a Competition, Unfair
|z Spain.
|
| 650 |
|
0 |
|a Competition, Unfair
|z United States.
|
| 650 |
|
0 |
|a Competition, Unfair
|z Puerto Rico.
|
| 700 |
1 |
|
|a Valpuesta Gastaminza, Eduardo,
|e contributor agent of text.
|
| 791 |
2 |
|
|a Digitalia (Firm),
|e distributor.
|
| 793 |
0 |
|
|g Digitalia eBook Collection:
|a Dykinson Editorial
|
| 776 |
0 |
8 |
|i Print version:
|a Echegaray Daleccio, Fernando Juan.
|t Competencia desleal por actos de engaño e imitación.
|d Madrid : Dykinson, S.L., 2022
|z 9788413779317
|
| 830 |
|
0 |
|a Colección Instituto de Derecho Comparado.
|
| 856 |
4 |
0 |
|3 Digitalia Hispánica
|u https://www.digitaliapublishing.com/a/115800/
|
| 910 |
|
|
|a Premium collection: 2023
|